Vicente Fox Quesada (Record no. 168644)

MARC details
000 -LEADER
fixed length control field 00745nam a22002057a 4500
005 - DATE AND TIME OF LATEST TRANSACTION
control field 20231016123201.0
008 - FIXED-LENGTH DATA ELEMENTS--GENERAL INFORMATION
fixed length control field 231016b mx ||||| |||| 00| 0 spa d
020 ## - INTERNATIONAL STANDARD BOOK NUMBER
International Standard Book Number 9681680723
050 04 - LIBRARY OF CONGRESS CALL NUMBER
Classification number JL1231
Item number F68 2006
100 1# - MAIN ENTRY--PERSONAL NAME
Personal name Fox Quesada, Vicente
245 10 - TITLE STATEMENT
Title Vicente Fox Quesada
Remainder of title : ideas del cambio democrático en México
Statement of responsibility, etc / Vicente Fox Quesada
250 ## - EDITION STATEMENT
Edition statement 1a ed.
260 ## - PUBLICATION, DISTRIBUTION, ETC. (IMPRINT)
Place of publication, distribution, etc México :
Name of publisher, distributor, etc Fondo de Cultura Económica ;
-- Gobierno de la República,
Date of publication, distribution, etc 2006
300 ## - PHYSICAL DESCRIPTION
Extent 168 paginas ;
Dimensions 24 cm.
490 0# - SERIES STATEMENT
Series statement Colección editorial del gobierno del cambio
600 ## - SUBJECT ADDED ENTRY--PERSONAL NAME
Personal name Fox Quesada, Vicente
651 #7 - SUBJECT ADDED ENTRY--GEOGRAPHIC NAME
Source of heading or term lemb
Geographic name México
General subdivision Jefes de estado
Chronological subdivision 2000-2006
651 #7 - SUBJECT ADDED ENTRY--GEOGRAPHIC NAME
Source of heading or term lemb
Geographic name México
General subdivision Política y gobierno
Chronological subdivision 2000-2006
942 ## - ADDED ENTRY ELEMENTS (KOHA)
Source of classification or shelving scheme Biblioteca del Cogreso de los Estados Unidos
Koha item type Libro
Holdings
Estado de pérdida Fuente de clasificación Estado del daño No para préstamo Ubicación permanente Ubicación actual Apartado o colección Fecha de adquisición Edición Dependencia de educación superior (DES) Área del conocimiento Total Checkouts Clasificación Código de Barras Date last seen Número de copia Costo por reposición Tipo de recurso
  Biblioteca del Cogreso de los Estados Unidos     Biblioteca del Instituto de Investigaciones Históricas Biblioteca del Instituto de Investigaciones Históricas General 16/10/2023 1a ed. Humanidades Ciencias Sociales y Administrativas   JL1231 F68 2006 IIH000035512 16/10/2023 1 1.00 Libro